Наглядное представление квантования движения релятивистского электрона в магнитном поле; Известия вузов. Физика; Т. 46, № 1

Sonraí bibleagrafaíochta
Parent link:Известия вузов. Физика/ Министерство общего и профессионального образования Российской Федерации ; Томский Госуниверситет.— , 1958-.— 0021-3411
Т. 46, № 1.— 2003.— с. 17-22
Príomhchruthaitheoir: Шульман Г. А.
Teanga:Rúisis
Foilsithe / Cruthaithe: 2003
Sraith:Физика элементарных частиц и теория поля
Ábhair:
Formáid: MixedMaterials Caibidil leabhair
KOHA link:https://koha.lib.tpu.ru/cgi-bin/koha/opac-detail.pl?biblionumber=419777

MARC

LEADER 00000naa2a2200000 4500
001 419777
005 20231101073317.0
035 |a (RuTPU)RU\TPU\prd\77235 
035 |a RU\TPU\prd\14723 
090 |a 419777 
100 |a 20100226a2003 k y0rusy50 ca 
101 0 |a rus 
102 |a RU 
200 1 |a Наглядное представление квантования движения релятивистского электрона в магнитном поле  |f Г. А. Шульман 
225 1 |a Физика элементарных частиц и теория поля 
320 |a Библиогр.: 7 назв. 
461 1 |0 (RuTPU)RU\TPU\prd\191  |x 0021-3411  |t Известия вузов. Физика  |f Министерство общего и профессионального образования Российской Федерации ; Томский Госуниверситет  |d 1958- 
463 1 |0 (RuTPU)RU\TPU\prd\77232  |t Т. 46, № 1  |v с. 17-22  |d 2003 
610 1 |a релятивистские электроны 
610 1 |a квантование 
610 1 |a наглядное представление 
610 1 |a магнитное поле 
610 1 |a кинетическая энергия 
610 1 |a энергетический уровень Ландау 
610 1 |a поперечное движение 
675 |a 539.12  |v 3 
700 1 |a Шульман  |b Г. А. 
801 1 |a RU  |b 63413507  |c 20030603  |g PSBO 
801 2 |a RU  |b 63413507  |c 20101028  |g RCR 
942 |c BK